Score 0/20 Timer 02:00
0 Plays Today
Movie Word % Correct
The Good, the ___, and the UglyBad
98.2%
______ and the BeastBeauty
98%
____ to the FutureBack
98%
The Nightmare ______ ChristmasBefore
97.1%
Kill ____: Volume IBill
96.5%
Pirates of the Caribbean: The Curse of the _____ PearlBlack
95.1%
Million Dollar ____Baby
94.5%
Inglorious ________Basterds
91.4%
The ___ LebowskiBig
91.3%
Raging ____Bull
90.2%
Movie Word % Correct
The ______ SupremacyBourne
90.1%
_____ RunnerBlade
89%
The Princess _____Bride
88.8%
_____ Cassidy and the Sundance KidButch
87.2%
The _________ ClubBreakfast
82.1%
Ferris _________ Day OffBueller's
81.9%
______ BeginsBatman
79.6%
Sunset _________BLVD
78.6%
The ______ on the River KwaiBridge
74.6%
The _____ BrothersBlues
71.2%

Today's Daily Dose

Remove Ads.
Support Sporcle.
Get the best of Sporcle when you Go Orange. This ad-free experience offers more features, more stats, and more fun while also helping to support Sporcle. Thank you for becoming a member.

You're not logged in!

Compare scores with friends on all Sporcle quizzes.
OR
Log In

Show Comments

Extras

Top Quizzes Today


Score Distribution

Your Account Isn't Verified!

In order to create a playlist on Sporcle, you need to verify the email address you used during registration. Go to your Sporcle Settings to finish the process.

Report this User

Report this user for behavior that violates our Community Guidelines.

Details: